[Event "DEM U10w 2024"]
[Site "Willingen GER"]
[Date "2024.05.25"]
[Round "11"]
[White "Sniegowski, Amalia"]
[Black "Rhein, Linnea"]
[Result "0-1"]
[Termination "normal"]
[Board "13"]
[WhiteElo "998"]
[BlackElo "1133"]
[WhiteClock "00:39:56"]
[BlackClock "00:14:43"]
[PlyCount "60"]
[WhiteFideId "34675620"]
[BlackFideId "34649018"]
[EventCountry "GER"]
[EventRounds "11"]
[EventType "swiss"]
[EventDate "2024.05.18"]

1. e4 {[%clk 01:15:59]} e5 {[%clk 01:15:53]} {[%emt 00:00:08]} 2. Nf3 {[%clk
01:16:24]} {[%emt 00:00:04]} Nc6 {[%clk 01:16:08]} {[%emt 00:00:15]} 3. Bc4
{[%clk 01:16:49]} {[%emt 00:00:05]} Nf6 {[%clk 01:16:13]} {[%emt 00:00:24]} 4.
d3 {[%clk 01:17:11]} {[%emt 00:00:09]} Bc5 {[%clk 01:16:10]} {[%emt 00:00:32]}
5. c3 {[%clk 01:17:30]} {[%emt 00:00:11]} d6 {[%clk 01:13:41]} {[%emt
00:02:59]} 6. Nbd2 {[%clk 01:17:24]} {[%emt 00:00:36]} Be6 {[%clk 01:12:41]}
{[%emt 00:01:29]} 7. O-O {[%clk 01:15:41]} {[%emt 00:02:15]} O-O {[%clk
01:11:43]} {[%emt 00:01:28]} 8. Re1 {[%clk 01:15:24]} {[%emt 00:00:47]} Ng4
{[%clk 01:06:15]} {[%emt 00:05:58]} 9. Re2 {[%clk 01:09:00]} {[%emt 00:06:51]}
Bxc4 {[%clk 01:01:24]} {[%emt 00:05:24]} 10. Nxc4 {[%clk 01:09:05]} {[%emt
00:00:25]} f5 {[%clk 01:01:21]} {[%emt 00:00:33]} 11. exf5 {[%clk 01:08:04]}
{[%emt 00:01:30]} Bxf2+ {[%clk 00:53:36]} {[%emt 00:08:15]} 12. Rxf2 {[%clk
01:08:01]} {[%emt 00:00:33]} Nxf2 {[%clk 00:53:41]} {[%emt 00:00:26]} 13. Kxf2
{[%clk 01:08:10]} {[%emt 00:00:21]} Rxf5 {[%clk 00:53:21]} {[%emt 00:00:50]}
14. Qb3 {[%clk 01:06:54]} {[%emt 00:01:38]} d5 {[%clk 00:47:19]} {[%emt
00:06:40]} 15. Ne3 {[%clk 01:06:15]} {[%emt 00:01:06]} Rf7 {[%clk 00:35:43]}
{[%emt 00:11:57]} 16. Nxd5 {[%clk 01:05:43]} {[%emt 00:01:13]} b6 {[%clk
00:32:15]} {[%emt 00:03:44]} 17. c4 {[%clk 01:04:26]} {[%emt 00:02:01]} Nd4
{[%clk 00:30:35]} {[%emt 00:02:10]} 18. Qd1 {[%clk 01:02:38]} {[%emt 00:02:13]}
b5 {[%clk 00:29:20]} {[%emt 00:01:40]} 19. Kg1 {[%clk 01:02:06]} {[%emt
00:01:11]} Qd6 {[%clk 00:27:39]} {[%emt 00:02:13]} 20. Nxd4 {[%clk 00:59:38]}
{[%emt 00:02:57]} exd4 {[%clk 00:27:15]} {[%emt 00:00:54]} 21. b3 {[%clk
00:59:21]} {[%emt 00:00:48]} c5 {[%clk 00:23:40]} {[%emt 00:04:04]} 22. Qg4
{[%clk 00:54:07]} {[%emt 00:05:38]} Raf8 {[%clk 00:21:50]} {[%emt 00:02:26]}
23. Bd2 {[%clk 00:52:33]} {[%emt 00:02:03]} b4 {[%clk 00:18:10]} {[%emt
00:04:12]} 24. Bf4 {[%clk 00:43:08]} {[%emt 00:09:52]} Rxf4 {[%clk 00:17:36]}
{[%emt 00:01:07]} 25. Nxf4 {[%clk 00:43:21]} {[%emt 00:00:16]} Rxf4 {[%clk
00:17:02]} {[%emt 00:01:04]} 26. Qc8+ {[%clk 00:43:06]} {[%emt 00:00:41]} Rf8
{[%clk 00:15:14]} {[%emt 00:02:20]} 27. Qb7 {[%clk 00:41:56]} {[%emt 00:01:35]}
Qf6 {[%clk 00:13:51]} {[%emt 00:01:57]} 28. Qxa7 {[%clk 00:40:15]} {[%emt
00:02:15]} Qf2+ {[%clk 00:13:58]} {[%emt 00:00:23]} 29. Kh1 {[%clk 00:39:39]}
{[%emt 00:01:05]} Qf1+ {[%clk 00:14:21]} {[%emt 00:00:07]} 30. Rxf1 {[%clk
00:39:56]} {[%emt 00:00:14]} Rxf1# {[%clk 00:14:43]} {[%emt 00:00:08]} 0-1

[Event "DEM U10w 2024"]
[Site "Willingen GER"]
[Date "2024.05.25"]
[Round "11"]
[White "Rabus, Luise"]
[Black "Seyedfakhari, Elena"]
[Result "0-1"]
[Termination "normal"]
[Board "14"]
[WhiteElo "1090"]
[BlackElo "1060"]
[WhiteClock "00:38:42"]
[BlackClock "01:08:46"]
[PlyCount "76"]
[WhiteFideId "34636900"]
[BlackFideId "34639888"]
[EventCountry "GER"]
[EventRounds "11"]
[EventType "swiss"]
[EventDate "2024.05.18"]

1. e4 {[%clk 01:15:59]} {[%emt 00:00:01]} e5 {[%clk 01:15:52]} {[%emt
00:00:08]} 2. Nf3 {[%clk 01:16:22]} {[%emt 00:00:07]} Nc6 {[%clk 01:16:11]}
{[%emt 00:00:11]} 3. Bc4 {[%clk 01:16:47]} {[%emt 00:00:04]} Bc5 {[%clk
01:16:28]} {[%emt 00:00:13]} 4. c3 {[%clk 01:17:10]} {[%emt 00:00:07]} Nf6
{[%clk 01:16:47]} {[%emt 00:00:11]} 5. d3 {[%clk 01:17:35]} {[%emt 00:00:06]}
d6 {[%clk 01:17:03]} {[%emt 00:00:14]} 6. Nbd2 {[%clk 01:16:35]} {[%emt
00:01:30]} Be6 {[%clk 01:16:57]} {[%emt 00:00:36]} 7. Bb3 {[%clk 01:15:49]}
{[%emt 00:01:16]} O-O {[%clk 01:17:09]} {[%emt 00:00:18]} 8. O-O {[%clk
01:16:15]} {[%emt 00:00:03]} Qd7 {[%clk 01:17:22]} {[%emt 00:00:14]} 9. h3
{[%emt 00:03:54]} Rad8 {[%emt 00:00:17]} 10. Ng5 {[%clk 01:08:53]} {[%emt
00:03:44]} h6 {[%clk 01:16:56]} {[%emt 00:00:56]} 11. Nxe6 {[%clk 01:08:36]}
{[%emt 00:00:47]} fxe6 {[%clk 01:17:12]} {[%emt 00:00:13]} 12. Nf3 {[%clk
01:08:58]} {[%emt 00:00:09]} d5 {[%clk 01:16:49]} {[%emt 00:00:53]} 13. d4
{[%clk 01:08:54]} {[%emt 00:00:35]} exd4 {[%clk 01:16:43]} {[%emt 00:00:35]}
14. cxd4 {[%clk 01:09:14]} {[%emt 00:00:10]} Bb6 {[%clk 01:16:34]} {[%emt
00:00:38]} 15. e5 {[%clk 01:08:27]} {[%emt 00:01:19]} Ne4 {[%clk 01:16:08]}
{[%emt 00:00:54]} 16. Nh2 {[%clk 01:06:08]} {[%emt 00:02:51]} Qf7 {[%clk
01:14:34]} {[%emt 00:01:58]} 17. Nf3 {[%clk 01:04:31]} {[%emt 00:02:12]} Qg6
{[%clk 01:13:41]} {[%emt 00:01:21]} 18. Bc2 {[%clk 01:04:22]} {[%emt 00:00:41]}
Qf7 {[%clk 01:12:47]} {[%emt 00:01:16]} 19. Be3 {[%clk 01:02:16]} {[%emt
00:02:44]} Nb4 {[%clk 01:12:21]} {[%emt 00:00:48]} 20. Bb3 {[%clk 00:58:11]}
{[%emt 00:04:44]} Qg6 {[%clk 01:11:17]} {[%emt 00:01:25]} 21. a3 {[%clk
00:56:44]} {[%emt 00:02:05]} Nc6 {[%emt 00:01:40]} 22. Nh4 {[%clk 00:54:54]}
{[%emt 00:01:59]} Qf7 {[%clk 01:10:04]} {[%emt 00:00:50]} 23. Qg4 {[%clk
00:54:26]} {[%emt 00:01:02]} Bxd4 {[%clk 01:09:12]} {[%emt 00:01:23]} 24. Bxh6
{[%clk 00:53:52]} {[%emt 00:01:03]} Nxf2 {[%clk 01:08:38]} {[%emt 00:01:04]}
25. Qg6 {[%clk 00:48:41]} {[%emt 00:05:41]} Qxg6 {[%clk 01:08:28]} {[%emt
00:00:39]} 26. Nxg6 {[%clk 00:48:55]} {[%emt 00:00:17]} Ne4+ {[%clk 01:08:38]}
{[%emt 00:00:17]} 27. Kh1 {[%clk 00:43:01]} {[%emt 00:06:28]} Rxf1+ {[%clk
01:08:45]} {[%emt 00:00:21]} 28. Rxf1 {[%clk 00:39:29]} {[%emt 00:04:03]} Ng3+
{[%clk 01:08:58]} {[%emt 00:00:18]} 29. Kh2 {[%clk 00:39:31]} {[%emt 00:00:28]}
Nxf1+ {[%clk 01:08:36]} {[%emt 00:00:50]} 30. Kh1 {[%clk 00:39:57]} {[%emt
00:00:04]} gxh6 {[%clk 01:08:26]} {[%emt 00:00:38]} 31. Bd1 {[%clk 00:38:26]}
{[%emt 00:02:03]} Nxe5 {[%clk 01:08:24]} {[%emt 00:00:33]} 32. Ne7+ {[%clk
00:38:31]} {[%emt 00:00:26]} Kg7 {[%clk 01:08:05]} {[%emt 00:00:40]} 33. Be2
{[%clk 00:37:19]} {[%emt 00:01:51]} Ng3+ {[%clk 01:08:19]} {[%emt 00:00:15]}
34. Kh2 {[%clk 00:37:40]} {[%emt 00:00:09]} Nxe2 {[%clk 01:08:36]} {[%emt
00:00:12]} 35. Kh1 {[%clk 00:37:50]} {[%emt 00:00:21]} Rf8 {[%clk 01:08:26]}
{[%emt 00:00:32]} 36. Kh2 {[%clk 00:38:12]} {[%emt 00:00:15]} Rf2 {[%clk
01:08:17]} {[%emt 00:00:34]} 37. b4 {[%clk 00:38:36]} {[%emt 00:00:12]} Nf3+
{[%clk 01:08:28]} {[%emt 00:00:19]} 38. Kh1 {[%clk 00:38:42]} {[%emt 00:00:24]}
Rf1# {[%clk 01:08:46]} {[%emt 00:00:10]} 0-1

[Event "DEM U10w 2024"]
[Site "Willingen GER"]
[Date "2024.05.25"]
[Round "11"]
[White "Lao, Theodora Siyuan"]
[Black "Seitov, Adela"]
[Result "1-0"]
[Termination "normal"]
[Board "15"]
[WhiteElo "1087"]
[BlackElo "923"]
[WhiteClock "01:16:42"]
[BlackClock "01:18:06"]
[PlyCount "119"]
[WhiteFideId "34667547"]
[BlackFideId "34675140"]
[EventCountry "GER"]
[EventRounds "11"]
[EventType "swiss"]
[EventDate "2024.05.18"]

1. e4 {[%clk 01:15:59]} {[%emt 15:11:16]} e5 {[%clk 01:15:56]} {[%emt
00:00:04]} 2. Nc3 {[%clk 01:16:25]} {[%emt 00:00:04]} Nc6 {[%clk 01:16:15]}
{[%emt 00:00:11]} 3. g3 {[%clk 01:16:49]} {[%emt 00:00:07]} Nf6 {[%clk
01:16:33]} {[%emt 00:00:11]} 4. Bg2 {[%clk 01:17:12]} {[%emt 00:00:07]} Bb4
{[%clk 01:16:49]} {[%emt 00:00:14]} 5. Nge2 {[%clk 01:17:16]} {[%emt 00:00:26]}
Bxc3 {[%clk 01:17:03]} {[%emt 00:00:16]} 6. Nxc3 {[%clk 01:17:37]} {[%emt
00:00:09]} d6 {[%clk 01:17:21]} {[%emt 00:00:13]} 7. O-O {[%clk 01:17:26]}
{[%emt 00:00:41]} Ng4 {[%clk 01:17:32]} {[%emt 00:00:18]} 8. Bf3 {[%clk
01:17:12]} {[%emt 00:00:43]} Nd4 {[%clk 01:17:05]} {[%emt 00:00:58]} 9. Bxg4
{[%clk 01:16:51]} {[%emt 00:00:51]} Bxg4 {[%clk 01:17:07]} {[%emt 00:00:29]}
10. Qxg4 {[%clk 01:17:03]} {[%emt 00:00:17]} Nxc2 {[%clk 01:17:11]} {[%emt
00:00:26]} 11. Rb1 {[%clk 01:17:10]} {[%emt 00:00:23]} O-O {[%clk 01:17:09]}
{[%emt 00:00:32]} 12. d3 {[%clk 01:16:36]} {[%emt 00:01:03]} g6 {[%clk
01:16:58]} {[%emt 00:00:42]} 13. Nd5 {[%clk 01:15:42]} {[%emt 00:01:23]} h5
{[%clk 01:16:30]} {[%emt 00:00:59]} 14. Qf3 {[%clk 01:14:15]} {[%emt 00:01:53]}
Nd4 {[%clk 01:16:21]} {[%emt 00:00:43]} 15. Qf6 {[%clk 01:13:10]} {[%emt
00:01:26]} Qxf6 {[%clk 01:16:35]} {[%emt 00:00:25]} 16. Nxf6+ {[%emt 00:00:28]}
Kg7 {[%clk 01:16:42]} {[%emt 00:00:01]} 17. Nd5 {[%clk 01:13:22]} {[%emt
00:00:40]} c6 {[%clk 01:16:54]} {[%emt 00:00:21]} 18. Nc3 {[%clk 01:13:07]}
{[%emt 00:00:40]} b5 {[%clk 01:16:48]} {[%emt 00:00:40]} 19. Be3 {[%clk
01:11:22]} {[%emt 00:02:15]} b4 {[%clk 01:16:55]} {[%emt 00:00:24]} 20. Bxd4
{[%clk 01:11:16]} {[%emt 00:00:36]} exd4 {[%clk 01:16:52]} {[%emt 00:00:32]}
21. Ne2 {[%clk 01:11:15]} {[%emt 00:00:30]} c5 {[%clk 01:17:13]} {[%emt
00:00:10]} 22. a3 {[%clk 01:11:05]} {[%emt 00:00:40]} a5 {[%clk 01:17:25]}
{[%emt 00:00:19]} 23. f4 {[%clk 01:10:53]} {[%emt 00:00:41]} f5 {[%clk
01:17:13]} {[%emt 00:00:41]} 24. Rbd1 {[%clk 01:10:46]} {[%emt 00:00:36]} fxe4
{[%clk 01:17:05]} {[%emt 00:00:41]} 25. dxe4 {[%clk 01:11:06]} {[%emt
00:00:09]} Rfe8 {[%clk 01:17:08]} {[%emt 00:00:27]} 26. Rf2 {[%clk 01:09:21]}
{[%emt 00:02:12]} Rxe4 {[%clk 01:15:05]} {[%emt 00:02:35]} 27. h3 {[%clk
01:08:56]} {[%emt 00:00:56]} bxa3 {[%clk 01:15:11]} {[%emt 00:00:24]} 28. bxa3
{[%clk 01:09:15]} {[%emt 00:00:11]} Rb8 {[%clk 01:15:03]} {[%emt 00:00:38]} 29.
g4 {[%clk 01:09:05]} {[%emt 00:00:40]} hxg4 {[%clk 01:15:13]} {[%emt 00:00:20]}
30. hxg4 {[%clk 01:09:27]} {[%emt 00:00:08]} Rb2 {[%clk 01:15:22]} {[%emt
00:00:21]} 31. Ng3 {[%clk 01:08:50]} {[%emt 00:01:07]} Rxf2 {[%clk 01:15:29]}
{[%emt 00:00:24]} 32. Nxe4 {[%clk 01:09:09]} {[%emt 00:00:10]} Rxf4 {[%clk
01:15:33]} {[%emt 00:00:25]} 33. Nxd6 {[%emt 00:00:23]} Rxg4+ {[%clk 01:15:47]}
34. Kf2 {[%clk 01:09:53]} {[%emt 00:00:08]} Rf4+ {[%clk 01:15:45]} {[%emt
00:00:33]} 35. Kg3 {[%clk 01:10:00]} {[%emt 00:00:21]} Rf8 {[%clk 01:15:22]}
{[%emt 00:00:55]} 36. Nb7 {[%clk 01:09:51]} {[%emt 00:00:39]} Rf5 {[%clk
01:15:09]} {[%emt 00:03:44]} 37. Nxa5 {[%clk 01:10:03]} {[%emt 00:00:19]} g5
{[%clk 01:15:09]} {[%emt 00:00:29]} 38. Nc4 {[%clk 01:09:59]} {[%emt 00:00:35]}
Rf7 {[%clk 01:14:57]} {[%emt 00:00:42]} 39. a4 {[%clk 01:10:13]} {[%emt
00:00:16]} Re7 {[%clk 01:15:03]} {[%emt 00:00:23]} 40. a5 {[%clk 01:10:23]}
{[%emt 00:00:21]} Ra7 {[%clk 01:14:18]} {[%emt 00:01:15]} 41. Ra1 {[%clk
01:10:22]} {[%emt 00:00:31]} Kg6 {[%clk 01:14:31]} {[%emt 00:00:16]} 42. Kg4
{[%clk 01:10:36]} {[%emt 00:00:17]} d3 {[%clk 01:14:38]} {[%emt 00:00:23]} 43.
Ne5+ {[%clk 01:10:56]} {[%emt 00:00:11]} Kf6 {[%clk 01:14:46]} {[%emt
00:00:21]} 44. Nxd3 {[%clk 01:11:16]} {[%emt 00:00:10]} c4 {[%clk 01:14:56]}
{[%emt 00:00:20]} 45. Nc5 {[%clk 01:11:26]} {[%emt 00:00:20]} c3 {[%clk
01:15:10]} {[%emt 00:00:16]} 46. Ne4+ {[%emt 00:00:24]} Kg6 {[%clk 01:15:23]}
47. Nxc3 {[%clk 01:12:07]} {[%emt 00:00:11]} Rc7 {[%clk 01:15:32]} {[%emt
00:00:22]} 48. Ne4 {[%clk 01:12:13]} {[%emt 00:00:24]} Rc4 {[%clk 01:15:44]}
{[%emt 00:00:19]} 49. Kf3 {[%clk 01:12:30]} {[%emt 00:00:11]} Kf5 {[%clk
01:16:00]} {[%emt 00:00:14]} 50. Nxg5 {[%clk 01:11:58]} {[%emt 00:01:03]} Kxg5
{[%clk 01:16:14]} {[%emt 00:00:17]} 51. a6 {[%clk 01:12:21]} {[%emt 00:00:06]}
Rc3+ {[%clk 01:16:36]} {[%emt 00:00:08]} 52. Ke4 {[%clk 01:12:44]} {[%emt
00:00:08]} Rc4+ {[%clk 01:16:27]} {[%emt 00:00:39]} 53. Kd5 {[%clk 01:13:01]}
{[%emt 00:00:13]} Rf4 {[%clk 01:16:44]} {[%emt 00:00:12]} 54. a7 {[%clk
01:13:23]} {[%emt 00:00:08]} Rf5+ {[%clk 01:17:09]} {[%emt 00:00:05]} 55. Ke6
{[%clk 01:13:43]} {[%emt 00:00:09]} Rf6+ {[%clk 01:17:29]} {[%emt 00:00:11]}
56. Ke7 {[%clk 01:14:02]} {[%emt 00:00:09]} Rf5 {[%clk 01:17:31]} {[%emt
00:00:30]} 57. a8=Q {[%clk 01:14:14]} {[%emt 00:00:19]} Re5+ {[%clk 01:17:53]}
{[%emt 00:00:08]} 58. Kd6 {[%clk 01:14:31]} {[%emt 00:00:12]} Rf5 {[%clk
01:18:06]} {[%emt 00:00:16]} 59. Rg1+ {[%clk 01:14:42]} {[%emt 00:00:19]} Kf6
{[%emt 00:03:12]} 60. Qf8 {[%clk 01:16:42]} {[%emt 00:00:11]} 1-0

[Event "DEM U10w 2024"]
[Site "Willingen GER"]
[Date "2024.05.25"]
[Round "11"]
[White "Hirtzel, Hanna Meiki"]
[Black "Böhm, Arwen Skadi"]
[Result "1-0"]
[Termination "normal"]
[Board "16"]
[WhiteElo "942"]
[BlackElo "968"]
[WhiteClock "00:47:56"]
[BlackClock "01:02:22"]
[PlyCount "67"]
[EventCountry "GER"]
[EventRounds "11"]
[EventType "swiss"]
[EventDate "2024.05.18"]

1. d4 {[%clk 01:15:58]} {[%emt 00:00:01]} d5 {[%clk 01:15:56]} {[%emt
00:00:04]} 2. Nf3 {[%clk 01:16:20]} {[%emt 00:00:08]} Nc6 {[%clk 01:16:13]}
{[%emt 00:00:13]} 3. Bf4 {[%clk 01:16:39]} {[%emt 00:00:10]} Bf5 {[%clk
01:16:17]} {[%emt 00:00:25]} 4. e3 {[%clk 01:16:59]} {[%emt 00:00:12]} Nb4
{[%clk 01:16:29]} {[%emt 00:00:18]} 5. Bd3 {[%clk 01:16:28]} {[%emt 00:01:01]}
Bg6 {[%clk 01:16:45]} {[%emt 00:00:14]} 6. O-O {[%clk 01:16:31]} {[%emt
00:00:27]} Nf6 {[%clk 01:17:08]} {[%emt 00:00:07]} 7. a3 {[%clk 01:15:55]}
{[%emt 00:01:06]} Nc6 {[%clk 01:17:24]} {[%emt 00:00:14]} 8. c4 {[%clk
01:15:32]} {[%emt 00:00:53]} e6 {[%clk 01:17:10]} {[%emt 00:00:43]} 9. Nc3
{[%clk 01:15:30]} {[%emt 00:00:34]} Bd6 {[%clk 01:16:26]} {[%emt 00:01:14]} 10.
Ne5 {[%clk 01:15:45]} {[%emt 00:00:13]} Nxe5 {[%clk 01:16:18]} {[%emt
00:00:37]} 11. dxe5 {[%clk 01:15:59]} {[%emt 00:00:18]} Bxd3 {[%clk 01:16:34]}
{[%emt 00:00:12]} 12. Qxd3 {[%clk 01:16:13]} {[%emt 00:00:18]} dxc4 {[%clk
01:15:30]} {[%emt 00:01:34]} 13. Qxc4 {[%clk 01:15:55]} {[%emt 00:00:48]} g5
{[%clk 01:15:30]} {[%emt 00:00:31]} 14. exd6 {[%clk 01:14:48]} {[%emt
00:01:36]} gxf4 {[%clk 01:15:41]} {[%emt 00:00:15]} 15. dxc7 {[%clk 01:14:40]}
{[%emt 00:00:43]} Qc8 {[%clk 01:15:53]} {[%emt 00:00:10]} 16. exf4 {[%clk
01:13:41]} {[%emt 00:01:36]} Qd7 {[%clk 01:14:30]} {[%emt 00:01:52]} 17. Rfd1
{[%clk 01:11:28]} {[%emt 00:02:39]} Qc6 {[%clk 01:14:21]} {[%emt 00:00:41]} 18.
Qxc6+ {[%clk 01:11:00]} {[%emt 00:01:01]} bxc6 {[%clk 01:14:41]} {[%emt
00:00:08]} 19. Rd6 {[%clk 01:08:04]} {[%emt 00:03:17]} c5 {[%clk 01:14:41]}
{[%emt 00:00:41]} 20. Rad1 {[%clk 01:07:28]} {[%emt 00:01:00]} Ke7 {[%emt
00:03:21]} 21. f3 {[%clk 01:05:32]} {[%emt 00:00:03]} Rac8 {[%clk 01:12:08]}
{[%emt 00:02:39]} 22. Nb5 {[%clk 01:01:44]} {[%emt 00:04:11]} Nd5 {[%clk
01:10:02]} {[%emt 00:02:44]} 23. b4 {[%clk 00:58:47]} {[%emt 00:03:16]} cxb4
{[%clk 01:07:06]} {[%emt 00:03:38]} 24. axb4 {[%clk 00:59:01]} {[%emt
00:00:17]} a6 {[%clk 01:06:09]} {[%emt 00:01:27]} 25. Rxa6 {[%clk 00:57:52]}
{[%emt 00:01:38]} Nxb4 {[%clk 01:05:07]} {[%emt 00:01:32]} 26. Rad6 {[%clk
00:56:24]} {[%emt 00:01:33]} Nd5 {[%clk 01:04:37]} {[%emt 00:01:24]} 27. Kf2
{[%clk 00:53:43]} {[%emt 00:03:09]} Rhg8 {[%clk 01:04:35]} {[%emt 00:00:36]}
28. f5 {[%clk 00:50:59]} {[%emt 00:03:10]} Rg5 {[%clk 01:02:28]} {[%emt
00:02:41]} 29. f6+ {[%clk 00:49:45]} {[%emt 00:01:42]} Ke8 {[%clk 01:01:52]}
{[%emt 00:01:07]} 30. Nc3 {[%clk 00:48:36]} {[%emt 00:01:32]} Rxc7 {[%clk
01:01:31]} {[%emt 00:00:56]} 31. Nxd5 {[%clk 00:48:41]} {[%emt 00:00:27]} exd5
{[%emt 00:01:05]} 32. Re1+ {[%clk 00:48:07]} {[%emt 00:00:05]} Re7 {[%clk
01:01:59]} {[%emt 00:00:26]} 33. Rxe7+ {[%clk 00:48:09]} {[%emt 00:00:27]} Kf8
{[%clk 01:02:22]} {[%emt 00:00:08]} 34. Rd8# {[%clk 00:47:56]} {[%emt
00:00:12]} 1-0

[Event "DEM U10w 2024"]
[Site "Willingen GER"]
[Date "2024.05.25"]
[Round "11"]
[White "Wolf, Aurelia"]
[Black "Yamshchikova, Oleksandra"]
[Result "1-0"]
[Termination "normal"]
[Board "17"]
[WhiteElo "1498"]
[BlackElo "1032"]
[WhiteClock "00:36:12"]
[BlackClock "00:59:57"]
[PlyCount "73"]
[WhiteFideId "34671048"]
[BlackFideId "34171118"]
[EventCountry "GER"]
[EventRounds "11"]
[EventType "swiss"]
[EventDate "2024.05.18"]

1. e4 {[%emt 00:00:06]} e5 {[%clk 01:15:54]} {[%emt 00:00:01]} 2. Nf3 {[%clk
01:16:20]} {[%emt 00:00:08]} Nc6 {[%clk 01:16:16]} {[%emt 00:00:08]} 3. Bc4
{[%clk 01:16:44]} {[%emt 00:00:06]} Bc5 {[%clk 01:16:39]} {[%emt 00:00:07]} 4.
c3 {[%clk 01:17:08]} {[%emt 00:00:06]} Nf6 {[%clk 01:16:59]} {[%emt 00:00:10]}
5. d4 {[%clk 01:17:30]} {[%emt 00:00:08]} exd4 {[%clk 01:17:20]} {[%emt
00:00:10]} 6. O-O {[%clk 01:17:51]} {[%emt 00:00:08]} Nxe4 {[%clk 01:17:31]}
{[%emt 00:00:19]} 7. cxd4 {[%clk 01:16:19]} {[%emt 00:02:03]} d5 {[%clk
01:17:43]} {[%emt 00:00:18]} 8. dxc5 {[%clk 01:16:36]} {[%emt 00:00:12]} dxc4
{[%clk 01:16:56]} {[%emt 00:01:17]} 9. Qe2 {[%clk 01:16:52]} {[%emt 00:00:14]}
Qd3 {[%clk 01:17:06]} {[%emt 00:00:19]} 10. Re1 {[%clk 01:17:10]} {[%emt
00:00:12]} f5 {[%clk 01:17:32]} {[%emt 00:00:06]} 11. Nc3 {[%clk 01:17:25]}
{[%emt 00:00:14]} O-O {[%clk 01:16:51]} {[%emt 00:01:11]} 12. Nxe4 {[%clk
01:17:43]} {[%emt 00:00:12]} fxe4 {[%clk 01:17:03]} {[%emt 00:00:18]} 13. Qxe4
{[%clk 01:18:01]} {[%emt 00:00:12]} Qxe4 {[%clk 01:17:00]} {[%emt 00:00:33]}
14. Rxe4 {[%clk 01:18:21]} {[%emt 00:00:11]} b5 {[%clk 01:16:40]} {[%emt
00:00:50]} 15. Bf4 {[%clk 01:12:51]} {[%emt 00:05:59]} Bg4 {[%clk 01:14:04]}
{[%emt 00:03:06]} 16. Bxc7 {[%clk 01:11:58]} {[%emt 00:01:23]} Bxf3 {[%clk
01:14:13]} {[%emt 00:00:21]} 17. gxf3 {[%clk 01:12:15]} {[%emt 00:00:12]} Rxf3
{[%clk 01:14:27]} {[%emt 00:00:15]} 18. Re3 {[%clk 01:06:55]} {[%emt 00:05:52]}
Rxe3 {[%clk 01:13:47]} {[%emt 00:01:10]} 19. fxe3 {[%clk 01:07:10]} {[%emt
00:00:15]} a6 {[%clk 01:14:01]} {[%emt 00:00:16]} 20. e4 {[%clk 01:06:37]}
{[%emt 00:01:03]} Rc8 {[%clk 01:09:48]} {[%emt 00:04:43]} 21. Bd6 {[%clk
01:06:14]} {[%emt 00:00:48]} h6 {[%clk 01:08:37]} {[%emt 00:01:46]} 22. e5
{[%clk 01:05:18]} {[%emt 00:01:26]} Re8 {[%clk 01:08:52]} {[%emt 00:00:14]} 23.
Re1 {[%clk 01:04:56]} {[%emt 00:00:53]} Re6 {[%clk 01:06:53]} {[%emt 00:02:27]}
24. Kf2 {[%clk 00:56:14]} {[%emt 00:09:05]} Kf7 {[%clk 01:05:41]} {[%emt
00:01:49]} 25. Kf3 {[%clk 00:55:12]} {[%emt 00:01:33]} g6 {[%clk 01:04:32]}
{[%emt 00:01:39]} 26. Kf4 {[%clk 00:55:16]} {[%emt 00:00:26]} Nb4 {[%clk
01:04:00]} {[%emt 00:01:04]} 27. Re2 {[%clk 00:54:37]} {[%emt 00:01:06]} Nxa2
{[%clk 01:04:00]} {[%emt 00:00:32]} 28. c6 {[%clk 00:54:35]} {[%emt 00:00:32]}
Ke8 {[%clk 01:04:21]} {[%emt 00:00:08]} 29. Ke4 {[%clk 00:50:26]} {[%emt
00:04:40]} Nc1 {[%clk 01:03:48]} {[%emt 00:01:02]} 30. Re3 {[%clk 00:46:14]}
{[%emt 00:04:43]} Nd3 {[%clk 01:02:55]} {[%emt 00:01:23]} 31. Kd5 {[%clk
00:43:52]} {[%emt 00:02:52]} Nf4+ {[%clk 01:01:02]} {[%emt 00:02:23]} 32. Kc5
{[%clk 00:42:47]} {[%emt 00:01:34]} Nd3+ {[%clk 01:00:27]} {[%emt 00:01:06]}
33. Kd5 {[%clk 00:42:17]} {[%emt 00:00:59]} Kf7 {[%clk 01:00:12]} {[%emt
00:00:47]} 34. c7 {[%clk 00:38:02]} {[%emt 00:04:45]} Re8 {[%clk 00:59:58]}
{[%emt 00:00:42]} 35. e6+ {[%clk 00:37:11]} {[%emt 00:01:23]} Kf6 {[%clk
00:59:52]} {[%emt 00:00:34]} 36. e7 {[%clk 00:35:54]} {[%emt 00:01:48]} Nf4+
{[%clk 00:59:57]} {[%emt 00:00:25]} 37. Bxf4 {[%clk 00:36:12]} {[%emt
00:00:13]} 1-0